Geostatistical Methods for Reservoir Geophysics / (Record no. 616637)

000 -LEADER
fixed length control field 00590nam a22001817a 4500
003 - CONTROL NUMBER IDENTIFIER
control field NUST
005 - DATE AND TIME OF LATEST TRANSACTION
control field 20260312111647.0
008 - FIXED-LENGTH DATA ELEMENTS--GENERAL INFORMATION
fixed length control field 260312b ||||| |||| 00| 0 eng d
020 ## - INTERNATIONAL STANDARD BOOK NUMBER
International Standard Book Number 978-3319532011
082 ## - DEWEY DECIMAL CLASSIFICATION NUMBER
Classification number 550.28
Author Mark AZE
100 ## - MAIN ENTRY--PERSONAL NAME
Personal name Leonardo Azevedo, Amílcar Soares.
9 (RLIN) 133674
245 ## - TITLE STATEMENT
Title Geostatistical Methods for Reservoir Geophysics /
Remainder of title Advances in Oil and Gas Exploration & Production /
Statement of responsibility, etc. Leonardo Azevedo, Amílcar Soares.
250 ## - EDITION STATEMENT
Edition statement 1st edition
260 ## - PUBLICATION, DISTRIBUTION, ETC.
Place of publication, distribution, etc. Switzerland:
Name of publisher, distributor, etc. Springer,
Date of publication, distribution, etc. 2017.
300 ## - PHYSICAL DESCRIPTION
Extent 141 p ;
Dimensions 31.2 cm
563 ## - BINDING INFORMATION
Binding note Hardcover
942 ## - ADDED ENTRY ELEMENTS (KOHA)
Source of classification or shelving scheme
Koha item type Book
Holdings
Withdrawn status Lost status Source of classification or shelving scheme Damaged status Not for loan Permanent Location Current Location Date acquired Total Checkouts Full call number Barcode Date last seen Price effective from Koha item type
          Institute of Geographical Information Systems (IGIS) Institute of Geographical Information Systems (IGIS) 03/12/2026   550.28 AZE IGIS-859 03/12/2026 03/12/2026 Book
© 2023 Central Library, National University of Sciences and Technology. All Rights Reserved.